00245 a2200121 4500001000700000020000600007040001100013100000600024240003900030245003400069362000900103440001100112180811 a  cMagnum a-10aChamados a participar 8 serielpor10aChamados a participar 8 serie0 a1899 1aLoyola